00425nam a22001217a 450000500170000000800410001702200210005810000310007924501330011026000420024330000100028565000080029520220329175811.0220329b ||||| |||| 00| 0 eng d a978-81-93198-0-0 aBAR CONUCIL OF INDIA TRUST aINDIAN BAR REVIEW [VOL-46] ( 4 ) 2019: Special issue on legal education continuing legal education and clinical legal education aNEW DELHIbBAR COUNCIL OF INDIAc2019 a524;p aLAW